[Event "Erandio op 27th"]
[Site "Erandio"]
[Date "2018.12.20"]
[Round "6"]
[White "Arias Garcia, Luis Javier"]
[Black "Toledo Sanz, Imanol"]
[Result "0-1"]
[WhiteElo "2168"]
[BlackElo "2074"]
[PlyCount "50"]
[EventDate "2018.12.15"]
[EventType "swiss"]
[EventRounds "8"]
[EventCountry "ESP"]
[SourceTitle "EXT 2020"]
[Source "ChessBase"]
[SourceDate "2019.10.17"]
[SourceVersion "1"]
[SourceVersionDate "2019.10.17"]
[SourceQuality "1"]

1. Nf3 d5 2. c4 e6 3. g3 Nf6 4. Bg2 Be7 5. b3 0-0 6. Bb2 c5 7. cxd5 exd5 8. d4 Nc6 9. dxc5 Bxc5 10. 0-0 a6 11. Nc3 Ba7 12. Rc1 Bg4 13. a3 Re8 14. h3 Bh5 15. Na4 Ne4 16. g4 Bg6 17. e3 Qd6 18. Nc3 Rad8 19. Ne2 Nxf2 20. Rxf2 Bxe3 21. Nh4 Qe7 22. Nf5 Bxf5 23. gxf5 Qh4 24. Qf1 Ne5 25. Nf4 Qxf4 0-1

[Event "Erandio op 27th"]
[Site "Erandio"]
[Date "2018.12.19"]
[Round "5"]
[White "Trigo Urquijo, Sergio"]
[Black "Arias Garcia, Luis Javier"]
[Result "1/2-1/2"]
[WhiteElo "2373"]
[BlackElo "2168"]
[PlyCount "68"]
[EventDate "2018.12.15"]
[EventType "swiss"]
[EventRounds "8"]
[EventCountry "ESP"]
[SourceTitle "EXT 2020"]
[Source "ChessBase"]
[SourceDate "2019.10.17"]
[SourceVersion "1"]
[SourceVersionDate "2019.10.17"]
[SourceQuality "1"]

1. d4 Nf6 2. c4 e6 3. Nc3 Bb4 4. Qb3 Qe7 5. a3 Bxc3+ 6. Qxc3 0-0 7. f3 d6 8. e4 e5 9. d5 Ne8 10. h4 f5 11. exf5 Bxf5 12. g4 Bc8 13. Bd3 e4 14. Bg5 Nf6 15. Bxe4 Bxg4 16. Qe3 Qe5 17. Bxh7+ Nxh7 18. Qxe5 dxe5 19. fxg4 Nxg5 20. hxg5 Rf4 21. b3 Rxg4 22. Nf3 Nd7 23. Rh4 Rg2 24. 0-0-0 Rf8 25. Rh3 e4 26. Ne1 Rxg5 27. Re3 Rf4 28. Nc2 Rg2 29. Nd4 Ne5 30. Ne6 Rff2 31. Rxe4 Rc2+ 32. Kb1 Rb2+ 33. Ka1 Ra2+ 34. Kb1 Rgb2+ 1/2-1/2

[Event "Iberoamerican-ch 6th"]
[Site "Bilbao"]
[Date "2015.10.31"]
[Round "6"]
[White "Martinez Romero, Martin"]
[Black "Arias Garcia, Luis Javier"]
[Result "1-0"]
[WhiteElo "2402"]
[BlackElo "2147"]
[PlyCount "55"]
[EventDate "2015.10.26"]
[EventType "swiss"]
[EventRounds "9"]
[EventCountry "ESP"]
[SourceTitle "CBM 169 Extra"]
[Source "ChessBase"]
[SourceDate "2015.12.18"]
[SourceVersion "1"]
[SourceVersionDate "2015.12.18"]
[SourceQuality "1"]

1. e4 c5 2. Nf3 e6 3. d4 cxd4 4. Nxd4 a6 5. Bd3 Qc7 6. Qe2 Nc6 7. Nxc6 dxc6 8. e5 Ne7 9. 0-0 Ng6 10. f4 b5 11. Be3 Be7 12. Nd2 c5 13. c4 b4 14. g3 0-0 15. h4 Rd8 16. Be4 Bb7 17. Rad1 Rd7 18. Qf3 Bxe4 19. Nxe4 Rad8 20. Rxd7 Rxd7 21. h5 Nf8 22. Qg4 Kh8 23. h6 g6 24. f5 Qxe5 25. fxg6 Nxg6 26. Rxf7 Rd3 27. Qf3 Qxb2 28. Ng5 1-0

[Event "Euskadi-ch"]
[Site "Zornotza"]
[Date "2015.04.11"]
[Round "6"]
[White "Arias Garcia, Luis Javier"]
[Black "Diez Fraile, David"]
[Result "0-1"]
[WhiteElo "2140"]
[BlackElo "2198"]
[PlyCount "82"]
[EventDate "2015.04.06"]
[EventType "swiss"]
[EventRounds "7"]
[EventCountry "ESP"]
[SourceTitle "EXT 2018"]
[Source "ChessBase"]
[SourceDate "2017.10.13"]
[SourceVersion "1"]
[SourceVersionDate "2017.10.13"]
[SourceQuality "1"]

1. e4 c5 2. Nf3 d6 3. d4 cxd4 4. Nxd4 Nf6 5. Nc3 g6 6. Be2 Bg7 7. 0-0 0-0 8. Bg5 Nc6 9. Nb3 a6 10. a4 Be6 11. Kh1 Rc8 12. f4 Na5 13. Nd2 Nc4 14. Nxc4 Bxc4 15. Bd3 h6 16. Bh4 d5 17. e5 Ne4 18. Nxe4 dxe4 19. Bxc4 Rxc4 20. Qe2 Qc7 21. c3 Rc8 22. h3 b5 23. axb5 axb5 24. Qe3 e6 25. Ra7 Qc5 26. Qxc5 R4xc5 27. Rd1 g5 28. fxg5 hxg5 29. Bxg5 Bxe5 30. Rdd7 Bb8 31. Ra8 Rxg5 32. Rb7 e3 33. Rbxb8 Rxb8 34. Rxb8+ Kg7 35. Kg1 e2 36. Kf2 Rxg2+ 37. Ke1 f5 38. Rxb5 f4 39. h4 f3 40. Rg5+ Kf6 41. b4 Rh2 0-1

[Event "Euskadi-ch"]
[Site "Zornotza"]
[Date "2015.04.10"]
[Round "5"]
[White "Goiria Egidazu, Jon Asel"]
[Black "Arias Garcia, Luis Javier"]
[Result "0-1"]
[WhiteElo "2003"]
[BlackElo "2140"]
[PlyCount "61"]
[EventDate "2015.04.06"]
[EventType "swiss"]
[EventRounds "7"]
[EventCountry "ESP"]
[SourceTitle "EXT 2018"]
[Source "ChessBase"]
[SourceDate "2017.10.13"]
[SourceVersion "1"]
[SourceVersionDate "2017.10.13"]
[SourceQuality "1"]

1. e4 g6 2. d4 Bg7 3. Nf3 d6 4. Nc3 Nf6 5. Be2 c5 6. dxc5 Qa5 7. 0-0 Qxc5 8. Nb5 a6 9. Be3 Qc6 10. e5 axb5 11. exf6 Bxf6 12. Nd4 Qd7 13. Bxb5 Nc6 14. Qf3 d5 15. Rad1 0-0 16. c4 Rxa2 17. Rfe1 Rxb2 18. Bc1 Nxd4 19. Qxf6 exf6 20. Bxd7 Ne2+ 21. Kf1 Nxc1 22. Bxc8 Rxc8 23. Rxc1 dxc4 24. Re7 c3 25. Ke1 b5 26. Rb7 Re8+ 27. Kf1 b4 28. g4 c2 29. Kg2 b3 30. Ra1 Ra2 31. Re1 0-1

[Event "Euskadi-ch"]
[Site "Zornotza"]
[Date "2015.04.06"]
[Round "1"]
[White "Huerga Leache, Mikel"]
[Black "Arias Garcia, Luis Javier"]
[Result "1/2-1/2"]
[WhiteElo "2434"]
[BlackElo "2140"]
[PlyCount "59"]
[EventDate "2015.04.06"]
[EventType "swiss"]
[EventRounds "7"]
[EventCountry "ESP"]
[SourceTitle "EXT 2018"]
[Source "ChessBase"]
[SourceDate "2017.10.13"]
[SourceVersion "1"]
[SourceVersionDate "2017.10.13"]
[SourceQuality "1"]

1. d4 Nf6 2. c4 g6 3. Nc3 Bg7 4. e4 d6 5. Nf3 0-0 6. Be3 e5 7. dxe5 dxe5 8. Qxd8 Rxd8 9. Nd5 Nxd5 10. cxd5 c6 11. Bc4 cxd5 12. Bxd5 Nc6 13. Bxc6 bxc6 14. 0-0 Ba6 15. Rfc1 Bd3 16. Nd2 Rd6 17. f3 a5 18. Nc4 Rdd8 19. Nb6 Rab8 20. Rxc6 f5 21. exf5 gxf5 22. Bg5 Re8 23. Nc4 e4 24. Rd1 Bd4+ 25. Be3 Bxb2 26. Nxb2 Rxb2 27. Rd2 Rxd2 28. Bxd2 exf3 29. Rc3 Bb1 30. Rxf3 1/2-1/2

[Event "Euskadi-chT (Vasca) Div 1st"]
[Site "Bergara"]
[Date "2015.01.31"]
[Round "4.4"]
[White "Sanchez Ruesga, Hector"]
[Black "Arias Garcia, Luis Javier"]
[Result "1-0"]
[WhiteElo "2096"]
[BlackElo "2185"]
[PlyCount "67"]
[EventDate "2015.01.10"]
[EventType "team-tourn"]
[EventRounds "9"]
[EventCountry "ESP"]
[SourceTitle "EXT 2024"]
[Source "ChessBase"]
[SourceDate "2023.10.10"]
[SourceVersion "1"]
[SourceVersionDate "2023.10.10"]
[SourceQuality "1"]

1. d4 Nf6 2. c4 e6 3. Nf3 b6 4. g3 Ba6 5. b3 b5 6. Bg2 bxc4 7. Ne5 c6 8. bxc4 Bb4+ 9. Bd2 Be7 10. Qa4 0-0 11. Ba5 Qc8 12. Nd2 d5 13. 0-0 Nfd7 14. Rfc1 Nxe5 15. dxe5 dxc4 16. Nxc4 Bb5 17. Qc2 Qa6 18. Bc7 Ba4 19. Qd3 Rc8 20. Bd6 Bg5 21. f4 Bd8 22. f5 Bg5 23. fxe6 fxe6 24. Rc3 Nd7 25. Rf1 Nb6 26. Ba3 Rd8 27. Qf3 Bb5 28. Qf7+ Kh8 29. Rcf3 h6 30. Qg6 Rg8 31. Bf8 Raxf8 32. Rxf8 Bxc4 33. Rxg8+ Kxg8 34. Rf7 1-0

[Event "Erandio op 23rd"]
[Site "Erandio"]
[Date "2014.12.20"]
[Round "1"]
[White "Arias Garcia, Luis Javier"]
[Black "Cendagortagalarza Rodriguez, Jos"]
[Result "1-0"]
[WhiteElo "2186"]
[BlackElo "1747"]
[PlyCount "69"]
[EventDate "2014.12.20"]
[EventType "swiss"]
[EventRounds "8"]
[EventCountry "ESP"]
[SourceTitle "CBM 164 Extra"]
[Source "ChessBase"]
[SourceDate "2015.03.02"]
[SourceVersion "1"]
[SourceVersionDate "2015.03.02"]
[SourceQuality "1"]

1. Nf3 Nf6 2. d4 e6 3. c4 c5 4. d5 exd5 5. cxd5 Bd6 6. Nc3 0-0 7. g3 Bc7 8. Bg2 d6 9. 0-0 a6 10. a4 Nbd7 11. Bf4 Re8 12. Qc2 Nf8 13. Rfe1 Ng6 14. Bg5 h6 15. Bd2 Bd7 16. e4 b5 17. axb5 axb5 18. Rxa8 Qxa8 19. e5 Nxd5 20. exd6 Nb4 21. Qd1 Bxd6 22. Ne5 Qc8 23. Nxg6 fxg6 24. Ne4 Bf8 25. Bxb4 cxb4 26. Qd5+ Be6 27. Qxb5 Kh8 28. h4 Bc4 29. Qb6 Re6 30. Qd4 Ba6 31. Bh3 Rxe4 32. Qxe4 Qxh3 33. Qa8 Qc8 34. Qxc8 Bxc8 35. Re8 1-0

[Event "Euskadi-chT (Vasca) Div 1st"]
[Site "Bergara"]
[Date "2014.02.01"]
[Round "4.5"]
[White "Aldave Aguado, Adrian"]
[Black "Arias Garcia, Luis Javier"]
[Result "1-0"]
[WhiteElo "1866"]
[BlackElo "2175"]
[PlyCount "93"]
[EventDate "2014.01.11"]
[EventType "team-tourn"]
[EventRounds "9"]
[EventCountry "ESP"]
[SourceTitle "EXT 2024"]
[Source "ChessBase"]
[SourceDate "2023.10.10"]
[SourceVersion "1"]
[SourceVersionDate "2023.10.10"]
[SourceQuality "1"]

1. d4 Nf6 2. c4 e6 3. Nc3 Bb4 4. e3 c5 5. Nge2 cxd4 6. exd4 d5 7. a3 Be7 8. Nf4 Nc6 9. cxd5 exd5 10. Be2 g5 11. Nh5 Nxh5 12. Bxh5 Be6 13. Be3 Qd7 14. b4 Rg8 15. Rc1 g4 16. Qd2 a5 17. b5 Na7 18. Qc2 Bf5 19. Qb3 Rd8 20. b6 Nc6 21. 0-0 Bg6 22. Bxg6 Rxg6 23. Ne2 Bd6 24. Nf4 Bxf4 25. Bxf4 Kf8 26. Rfd1 Kg8 27. Rc5 Re6 28. Qg3 Re4 29. Be3 Rde8 30. h3 f5 31. hxg4 f4 32. Bxf4 Nxd4 33. Rxd4 Rxd4 34. Rc7 Qe6 35. Qh4 Qg6 36. Bg5 Re1+ 37. Kh2 Re6 38. Rc8+ Re8 39. Rc7 h6 40. Bxh6 Rxg4 41. Qh3 Qd6+ 42. g3 Ree4 43. Rc8+ Kf7 44. Bf4 Rexf4 45. Rc7+ Kg8 46. Qh7+ Kf8 47. Rc8+ 1-0

[Event "Euskadi-chT (Vasca) Div 1st"]
[Site "Bergara"]
[Date "2014.01.11"]
[Round "1.2"]
[White "Prieto Aranguren, Alain"]
[Black "Arias Garcia, Luis Javier"]
[Result "1/2-1/2"]
[WhiteElo "2188"]
[BlackElo "2175"]
[PlyCount "80"]
[EventDate "2014.01.11"]
[EventType "team-tourn"]
[EventRounds "9"]
[EventCountry "ESP"]
[SourceTitle "EXT 2024"]
[Source "ChessBase"]
[SourceDate "2023.10.10"]
[SourceVersion "1"]
[SourceVersionDate "2023.10.10"]
[SourceQuality "1"]

1. d4 d5 2. Nf3 c6 3. g3 Nf6 4. Bg2 Bg4 5. 0-0 e6 6. Ne5 Bh5 7. c4 Nbd7 8. Nxd7 Qxd7 9. cxd5 cxd5 10. Bf4 Be7 11. Nc3 0-0 12. Qd2 Rac8 13. Rfc1 Bb4 14. f3 Bg6 15. Bf1 Rc6 16. Qd1 Rfc8 17. Qb3 Bxc3 18. Rxc3 Rxc3 19. bxc3 Qc6 20. Bd2 Nd7 21. e3 a6 22. a4 Nb6 23. a5 Nc4 24. Bxc4 dxc4 25. Qd1 Bd3 26. Bc1 Rd8 27. e4 f5 28. e5 Rd5 29. Qa4 Rb5 30. Kf2 h6 31. h4 Qe8 32. Ra2 Qh5 33. Rb2 Rxb2+ 34. Bxb2 f4 35. Qd7 fxg3+ 36. Kxg3 Qf5 37. Qxb7 Bf1 38. Kf2 Qh3 39. Qa8+ Kf7 40. Qb7+ Kg8 1/2-1/2

[Event "Euskadi-ch"]
[Site "Zornotza"]
[Date "2013.04.07"]
[Round "7"]
[White "Marchena Hurtado, Javier"]
[Black "Arias Garcia, Luis Javier"]
[Result "1/2-1/2"]
[WhiteElo "2093"]
[BlackElo "2188"]
[PlyCount "98"]
[EventDate "2013.04.01"]
[EventType "swiss"]
[EventRounds "7"]
[EventCountry "ESP"]
[SourceTitle "CBM 153 Extra"]
[Source "ChessBase"]
[SourceDate "2013.04.22"]
[SourceVersion "1"]
[SourceVersionDate "2013.04.22"]
[SourceQuality "1"]

1. e4 e5 2. Nf3 Nc6 3. Bc4 Bc5 4. d3 Nf6 5. 0-0 d6 6. c3 h6 7. Nbd2 Be6 8. Re1 Bxc4 9. Nxc4 0-0 10. b4 Bb6 11. a4 a6 12. Nxb6 cxb6 13. Qb3 Re8 14. c4 Nd7 15. Ba3 b5 16. axb5 axb5 17. cxb5 Na7 18. d4 Nxb5 19. Bb2 Rxa1 20. Bxa1 Qb6 21. Qc4 Na7 22. dxe5 Nxe5 23. Nxe5 dxe5 24. Rd1 Rc8 25. Qd5 Nc6 26. Bxe5 Rd8 27. Bd6 Nxb4 28. Qd2 Nc6 29. h3 Rd7 30. Qd5 Ne7 31. Qd3 Ng6 32. Qg3 Qb5 33. f3 h5 34. Rd5 Qb1+ 35. Kh2 Qb6 36. Bc5 Qd8 37. Rxh5 Rd1 38. f4 Qc7 39. Rf5 b6 40. Be3 Qc4 41. Rd5 Rxd5 42. exd5 Qxd5 43. Bxb6 Qe4 44. Bc7 Ne7 45. Be5 Nf5 46. Qf2 f6 47. Bc3 Ne3 48. Bd2 Nd5 49. Qe1 Qxe1 1/2-1/2

[Event "Euskadi-ch"]
[Site "Zornotza"]
[Date "2013.04.02"]
[Round "2"]
[White "Arias Garcia, Luis Javier"]
[Black "Astasio Lopez, David"]
[Result "0-1"]
[WhiteElo "2188"]
[BlackElo "2376"]
[PlyCount "82"]
[EventDate "2013.04.01"]
[EventType "swiss"]
[EventRounds "7"]
[EventCountry "ESP"]
[SourceTitle "CBM 153 Extra"]
[Source "ChessBase"]
[SourceDate "2013.04.22"]
[SourceVersion "1"]
[SourceVersionDate "2013.04.22"]
[SourceQuality "1"]

1. e4 c5 2. Nc3 e6 3. g3 d5 4. exd5 exd5 5. d4 cxd4 6. Qxd4 Nf6 7. Bg2 Nc6 8. Qd1 d4 9. Nce2 Bc5 10. Nf3 Bf5 11. 0-0 0-0 12. Nf4 Rc8 13. a3 Bb6 14. Nd3 Be4 15. Re1 h6 16. Bf4 Qd5 17. b4 Rfe8 18. h4 a6 19. Rb1 Qa2 20. b5 axb5 21. Rxb5 Ba5 22. Rf1 Qxa3 23. Nc5 Bd5 24. Nd7 Bc4 25. Nxf6+ gxf6 26. Rxb7 Qc5 27. Nh2 Be2 28. Qb1 Bxf1 29. Bxf1 Ne5 30. Rb5 Qc3 31. Qd1 Qe1 32. Qh5 Rxc2 33. Ng4 Nxg4 34. Qxg4+ Kh8 35. Qf3 Bd2 36. Rh5 Bxf4 37. Qxf4 Kg8 38. Rxh6 Rc1 39. Qg4+ Kf8 40. Qh3 d3 41. g4 Qxf1+ 0-1

[Event "Euskadi-chT Div Honor"]
[Site "Bergara"]
[Date "2013.02.23"]
[Round "7.2"]
[White "Arias Garcia, Luis Javier"]
[Black "Gonzalez de la Torre, Santiago"]
[Result "0-1"]
[WhiteElo "2217"]
[BlackElo "2442"]
[PlyCount "64"]
[EventDate "2013.01.12"]
[EventType "team"]
[EventRounds "9"]
[EventCountry "ESP"]
[SourceTitle "EXT 2015"]
[Source "ChessBase"]
[SourceDate "2014.11.20"]
[SourceVersion "1"]
[SourceVersionDate "2014.11.20"]
[SourceQuality "1"]

1. e4 c5 2. Nf3 e6 3. d4 cxd4 4. Nxd4 Qb6 5. Nb3 Qc7 6. g3 b6 7. Nc3 a6 8. Bf4 d6 9. Bg2 Bb7 10. 0-0 Nd7 11. Re1 Be7 12. Qg4 h5 13. Qe2 h4 14. Rad1 hxg3 15. hxg3 Ne5 16. Bxe5 dxe5 17. Rd3 Nf6 18. Red1 Rc8 19. a4 Qb8 20. Qe3 Ba8 21. R3d2 Bb4 22. Rd3 Bc6 23. Qg5 Kf8 24. Qe3 g6 25. Na2 Be7 26. Nc3 Kg7 27. Qe2 Rh6 28. Nd2 b5 29. axb5 axb5 30. g4 Rh4 31. Rg3 b4 32. Ncb1 Bb5 0-1

[Event "Erandio op 21st"]
[Site "Erandio"]
[Date "2012.12.30"]
[Round "8"]
[White "Mate Adan, Carlos"]
[Black "Arias Garcia, Luis Javier"]
[Result "1/2-1/2"]
[WhiteElo "2255"]
[BlackElo "2217"]
[PlyCount "95"]
[EventDate "2012.12.22"]
[EventType "swiss"]
[EventRounds "9"]
[EventCountry "ESP"]
[SourceTitle "CBM 152 Extra"]
[Source "ChessBase"]
[SourceDate "2013.02.25"]
[SourceVersion "1"]
[SourceVersionDate "2013.02.25"]
[SourceQuality "1"]

1. e4 e5 2. Bc4 Nf6 3. d3 Bc5 4. Nc3 d6 5. f4 Nc6 6. Nf3 Bg4 7. Bb5 Nd7 8. Bxc6 bxc6 9. Na4 exf4 10. Nxc5 Nxc5 11. Bxf4 Qf6 12. Bc1 Ne6 13. c3 0-0 14. 0-0 c5 15. Qe1 Bxf3 16. Rxf3 Qg6 17. Rf5 Rae8 18. Qf2 f6 19. Be3 Nd8 20. Qc2 Qf7 21. b4 cxb4 22. cxb4 c6 23. Qf2 a6 24. Rc1 Qb7 25. a3 Re5 26. Bf4 Rxf5 27. exf5 Nf7 28. Qd4 Qb5 29. Qe4 d5 30. Qe3 Qa4 31. d4 h6 32. h3 Qb5 33. Kh2 Rc8 34. Qe6 Qb7 35. Rc3 Kh7 36. h4 Nd8 37. Qe2 Qd7 38. Qg4 Nf7 39. Rg3 Rg8 40. Re3 Nd6 41. Re6 Ne4 42. Qg6+ Kh8 43. Qh5 Kh7 44. Qe2 Re8 45. Qg4 Ra8 46. Qe2 Re8 47. Qg4 Rg8 48. Qe2 1/2-1/2

[Event "Erandio op 21st"]
[Site "Erandio"]
[Date "2012.12.28"]
[Round "6"]
[White "Arias Garcia, Luis Javier"]
[Black "Arostegui Lejarza, Joseba"]
[Result "1-0"]
[WhiteElo "2217"]
[BlackElo "1924"]
[PlyCount "77"]
[EventDate "2012.12.22"]
[EventType "swiss"]
[EventRounds "9"]
[EventCountry "ESP"]
[SourceTitle "CBM 152 Extra"]
[Source "ChessBase"]
[SourceDate "2013.02.25"]
[SourceVersion "1"]
[SourceVersionDate "2013.02.25"]
[SourceQuality "1"]

1. e4 d5 2. exd5 Nf6 3. b3 Qxd5 4. Bb2 Bg4 5. f3 Bf5 6. Bc4 Qd7 7. Ne2 Nc6 8. Ng3 Be6 9. 0-0 Bxc4 10. bxc4 0-0-0 11. d3 h5 12. Nd2 h4 13. Ne2 e5 14. Nb3 Qf5 15. f4 exf4 16. Rxf4 Qg5 17. Qf1 Re8 18. Rf3 Bd6 19. h3 Ne5 20. Rf2 Nh5 21. c5 Ng3 22. Nxg3 hxg3 23. Re2 Bxc5+ 24. Nxc5 Ng4 25. Ne4 Qh6 26. Qf5+ Kb8 27. Qxg4 Qb6+ 28. Kh1 Qxb2 29. Rae1 Qxa2 30. Nxg3 Rxe2 31. Rxe2 g6 32. Qd7 a5 33. c4 Qa1+ 34. Kh2 f5 35. Qb5 f4 36. Ne4 c6 37. Qb6 Qf1 38. Rb2 Rh7 39. Qd8+ 1-0

[Event "Erandio op 21st"]
[Site "Erandio"]
[Date "2012.12.27"]
[Round "5"]
[White "Gomez Esteban, Juan Mario"]
[Black "Arias Garcia, Luis Javier"]
[Result "1-0"]
[WhiteElo "2463"]
[BlackElo "2217"]
[PlyCount "77"]
[EventDate "2012.12.22"]
[EventType "swiss"]
[EventRounds "9"]
[EventCountry "ESP"]
[SourceTitle "CBM 152 Extra"]
[Source "ChessBase"]
[SourceDate "2013.02.25"]
[SourceVersion "1"]
[SourceVersionDate "2013.02.25"]
[SourceQuality "1"]

1. Nf3 Nf6 2. c4 c5 3. Nc3 Nc6 4. d4 cxd4 5. Nxd4 g6 6. e4 d6 7. Be2 Bg7 8. Be3 0-0 9. 0-0 Bd7 10. Qd2 Nxd4 11. Bxd4 Bc6 12. f3 Nd7 13. Be3 a5 14. b3 Nc5 15. Rab1 Qb6 16. Rfc1 Qb4 17. Rc2 Rfc8 18. Qc1 Qb6 19. Bf1 Qd8 20. Qd2 Qf8 21. a3 h5 22. b4 axb4 23. axb4 Na4 24. Ne2 Qd8 25. Nd4 Bd7 26. Qf2 Kh7 27. Rbc1 Qf8 28. h3 Bh6 29. f4 e5 30. Nb3 Bc6 31. Bd3 Qe7 32. f5 Bxe3 33. Qxe3 g5 34. Ra1 Qd8 35. Rca2 Nb6 36. f6 Kg6 37. Na5 Rab8 38. Rf1 Bd7 39. Raf2 1-0

[Event "Erandio op 21st"]
[Site "Erandio"]
[Date "2012.12.26"]
[Round "4"]
[White "Trigo Urquijo, Sergio"]
[Black "Arias Garcia, Luis Javier"]
[Result "1/2-1/2"]
[WhiteElo "2233"]
[BlackElo "2217"]
[PlyCount "23"]
[EventDate "2012.12.22"]
[EventType "swiss"]
[EventRounds "9"]
[EventCountry "ESP"]
[SourceTitle "CBM 152 Extra"]
[Source "ChessBase"]
[SourceDate "2013.02.25"]
[SourceVersion "1"]
[SourceVersionDate "2013.02.25"]
[SourceQuality "1"]

1. e4 d6 2. d4 Nf6 3. Nc3 g6 4. Nf3 Bg7 5. Be2 0-0 6. 0-0 c6 7. h3 Nbd7 8. e5 dxe5 9. dxe5 Nd5 10. Nxd5 cxd5 11. Qxd5 Nxe5 12. Qxd8 1/2-1/2

[Event "Erandio op 21st"]
[Site "Erandio"]
[Date "2012.12.22"]
[Round "1"]
[White "Arias Garcia, Luis Javier"]
[Black "Francisco Etxebarria, Jon Andoi"]
[Result "1-0"]
[WhiteElo "2217"]
[BlackElo "1727"]
[PlyCount "53"]
[EventDate "2012.12.22"]
[EventType "swiss"]
[EventRounds "9"]
[EventCountry "ESP"]
[SourceTitle "CBM 152 Extra"]
[Source "ChessBase"]
[SourceDate "2013.02.25"]
[SourceVersion "1"]
[SourceVersionDate "2013.02.25"]
[SourceQuality "1"]

1. e4 c6 2. d3 d5 3. Nd2 dxe4 4. dxe4 Nf6 5. Ngf3 Bg4 6. h3 Bh5 7. Bc4 e6 8. e5 Nd5 9. Ne4 Nd7 10. g4 Bg6 11. Ng3 Qc7 12. Qe2 Bb4+ 13. Kf1 0-0-0 14. a4 h5 15. Kg2 hxg4 16. hxg4 Rde8 17. c3 Bc5 18. Re1 f6 19. a5 fxe5 20. Nxe5 Nxe5 21. Qxe5 Bd6 22. Qg5 Qf7 23. Bxd5 exd5 24. Rxe8+ Qxe8 25. Bf4 Bxf4 26. Qxf4 Be4+ 27. Kg1 1-0

[Event "Euskadi-chT (Vasca) Div 1st"]
[Site "Bergara"]
[Date "2012.03.10"]
[Round "9.2"]
[White "Alvarez Ponga, Hugo"]
[Black "Arias Garcia, Luis Javier"]
[Result "1/2-1/2"]
[WhiteElo "2099"]
[BlackElo "2168"]
[PlyCount "77"]
[EventDate "2012.01.14"]
[EventType "team-tourn"]
[EventRounds "9"]
[EventCountry "ESP"]
[SourceTitle "EXT 2024"]
[Source "ChessBase"]
[SourceDate "2023.10.10"]
[SourceVersion "1"]
[SourceVersionDate "2023.10.10"]
[SourceQuality "1"]

1. d4 g6 2. c4 Bg7 3. Nc3 d6 4. g3 Nf6 5. Bg2 0-0 6. h3 Nc6 7. Nf3 a6 8. 0-0 Rb8 9. e4 b5 10. Qe2 b4 11. Nd5 Nxd5 12. cxd5 Nxd4 13. Nxd4 Bxd4 14. Rd1 Bg7 15. Bg5 Bb7 16. Rac1 Rc8 17. h4 h6 18. Be3 c5 19. dxc6 Rxc6 20. Rxc6 Bxc6 21. Qxa6 Qa8 22. Qc4 Rc8 23. Qxb4 Qxa2 24. Bh3 Rf8 25. Rc1 Qa8 26. Bg2 Rb8 27. Qc4 Bb7 28. b4 Rc8 29. Qf1 Rxc1 30. Qxc1 Bxe4 31. Bxe4 Qxe4 32. b5 d5 33. b6 d4 34. Bf4 Kh7 35. Qc7 Qe1+ 36. Kg2 Qe4+ 37. Kg1 Qe1+ 38. Kg2 Qe4+ 39. Kg1 1/2-1/2

[Event "Euskadi-chT (Vasca) Div 1st"]
[Site "Bergara"]
[Date "2012.02.18"]
[Round "6.1"]
[White "Arias Garcia, Luis Javier"]
[Black "Manso Marquez, Felix"]
[Result "1-0"]
[WhiteElo "2168"]
[BlackElo "2061"]
[PlyCount "73"]
[EventDate "2012.01.14"]
[EventType "team-tourn"]
[EventRounds "9"]
[EventCountry "ESP"]
[SourceTitle "EXT 2024"]
[Source "ChessBase"]
[SourceDate "2023.10.10"]
[SourceVersion "1"]
[SourceVersionDate "2023.10.10"]
[SourceQuality "1"]

1. Nf3 Nf6 2. c4 c5 3. g3 b6 4. Bg2 Bb7 5. 0-0 g6 6. Nc3 Bg7 7. d4 cxd4 8. Qxd4 d6 9. Rd1 0-0 10. Qh4 Nbd7 11. Bh6 Rc8 12. b3 a6 13. Rac1 Rc7 14. Bxg7 Kxg7 15. Qd4 Qa8 16. g4 Kg8 17. g5 Ne4 18. Nd5 Bxd5 19. cxd5 Rxc1 20. Rxc1 Nec5 21. h4 Qb8 22. h5 e5 23. dxe6 Nxe6 24. Qd2 gxh5 25. Nh4 Rc8 26. Rd1 Rc5 27. f4 Qc7 28. f5 Nef8 29. Qxd6 Qxd6 30. Rxd6 Rc2 31. f6 Rc5 32. Bd5 h6 33. g6 Nxf6 34. Bxf7+ Kg7 35. Rxb6 a5 36. Rb7 Ng4 37. Be6+ 1-0

[Event "Euskadi-chT (Vasca) Div 1st"]
[Site "Bergara"]
[Date "2012.02.11"]
[Round "5.5"]
[White "Trigo Urquijo, Sergio"]
[Black "Arias Garcia, Luis Javier"]
[Result "1/2-1/2"]
[WhiteElo "2225"]
[BlackElo "2168"]
[PlyCount "43"]
[EventDate "2012.01.14"]
[EventType "team-tourn"]
[EventRounds "9"]
[EventCountry "ESP"]
[SourceTitle "EXT 2024"]
[Source "ChessBase"]
[SourceDate "2023.10.10"]
[SourceVersion "1"]
[SourceVersionDate "2023.10.10"]
[SourceQuality "1"]

1. d4 e6 2. c4 f5 3. Nf3 Nf6 4. g3 d5 5. Bg2 c6 6. 0-0 Bd6 7. b3 Qe7 8. Bb2 0-0 9. Qc1 b6 10. Ba3 Bb7 11. Bxd6 Qxd6 12. Qa3 Qd8 13. cxd5 exd5 14. Nc3 Na6 15. e3 Nc7 16. Rac1 a5 17. Rfd1 Rc8 18. Ne5 Ng4 19. Nd3 Ba6 20. Ne2 Bxd3 21. Rxd3 Qd7 22. Rd2 1/2-1/2

[Event "Euskadi-ch"]
[Site "Zornotza"]
[Date "2011.04.28"]
[Round "7"]
[White "Diez Fraile, David"]
[Black "Arias Garcia, Luis Javier"]
[Result "0-1"]
[WhiteElo "2165"]
[BlackElo "2178"]
[PlyCount "84"]
[EventDate "2011.04.23"]
[EventType "swiss"]
[EventRounds "7"]
[EventCountry "ESP"]
[SourceTitle "EXT 2018"]
[Source "ChessBase"]
[SourceDate "2017.10.13"]
[SourceVersion "1"]
[SourceVersionDate "2017.10.13"]
[SourceQuality "1"]

1. e4 c5 2. Nf3 Nc6 3. d4 cxd4 4. Nxd4 g6 5. Nc3 Bg7 6. Be3 Nf6 7. Nb3 0-0 8. Be2 d6 9. f4 a6 10. 0-0 b5 11. Bf3 Bd7 12. Rb1 Rc8 13. Rf2 Qc7 14. a3 Rfd8 15. Nd5 Nxd5 16. exd5 Na5 17. Nxa5 Qxa5 18. c3 Qc7 19. Qd2 a5 20. Re1 Re8 21. g4 Qc4 22. Be2 Qb3 23. Bd1 Qc4 24. f5 b4 25. cxb4 axb4 26. Rf4 Qa2 27. fxg6 hxg6 28. Rxb4 Rb8 29. Bb6 Be5 30. Rf1 Rec8 31. Qf2 Be8 32. g5 Rc1 33. Be3 Rxb4 34. Bxc1 Bd4 35. axb4 Bxf2+ 36. Rxf2 Qxd5 37. Bd2 e5 38. Bf3 Qc4 39. Bc3 Bc6 40. Bxc6 Qxc6 41. Rf6 Qd5 42. Rf1 Qe4 0-1